000 00738cab a2200217 4500
001 WB2912-61
008 090401t1993 xxu||||| |||| 00| 0 eng d
035 _a(Sirsi) u25072
041 _aeng
100 _aAlexander, D.
245 _aCIOB says `no` to title change
260 _c1993
350 _a0
490 _aNew Builder
_v(167) 19 March 1993, 3(1)
520 _aIn a response to a CIOB questionnaire some 50% of its members have voted to retain the title `chartered builder` without any additions to reflect links with the engineering professions.
650 _aCHARTERED INSTITUTE OF BUILDING
650 _aTITLE
690 _aMANAGEMENT-BUSINESS MANAGEMENT-PROFESSIONAL PRACTICE
942 _n0
948 _c04/03/1997
999 _c16816
_d16816